LEADER 01331nam0 22003251i 450 001 UON00229893 005 20231205103456.412 010 $a88-04-46467-4 100 $a20030730d1999 |0itac50 ba 101 $aita 102 $aIT 105 $a||||0 ||||| 200 1 $aˆIl ‰"Libro della Scala" di Maometto$ftraduzione di Roberto Rossi Testa$gnote al testo e postfazione di Carlo Saccone 205 $a[Milano] : Mondadori$b1999 210 $a235 p.$a19 cm 215 $aTitolo della traduzione latina: Liber Scalae Machometi. 410 1$1001UON00173673$12001 $aOscar Classici$1210 $aMilano$cMondadori.$v464 606 $aAlighieri Dante$xDivina Commedia$xInflussi islamici$3UONC061527$2FI 606 $aIslamismo$3UONC044568$2FI 620 $aIT$dMilano$3UONL000005 676 $a297$cISLAM / TEOLOGIA ISLAMICA$v21 702 1$aROSSI TESTA$bRoberto$3UONV046262 702 1$aSaccone$bCarlo$3UONV002183 712 $aMondadori$3UONV245964$4650 801 $aIT$bSOL$c20250912$gRICA 899 $aSIBA - SISTEMA BIBLIOTECARIO DI ATENEO$2UONSI 912 $aUON00229893 950 $aSIBA - SISTEMA BIBLIOTECARIO DI ATENEO$dSI ITA II non disponibile $eSI LO 67813 5 non disponibile 996 $aLibro della Scala di Maometto$91261519 997 $aUNIOR